Inteligencia : una breve introducción /

Detalles Bibliográficos
Autor principal: Deary, Ian J. (Autor)
Otros Autores: Otero-Piñeiro, Dulcinea (Traductor)
Formato: Electrónico eBook
Lenguaje:español
inglés
Publicado: Barcelona : Antoni Bosch editor, [2022]
Materias:
Acceso en línea:Digitalia Hispánica

MARC

LEADER 00000nam a2200000Ii 4500
001 DIGANBSCH0043
003 NyNyDIG
006 m o d
007 cr |||||||||||
008 240103s2022 sp a ob 001 0 spa d
035 |a (OCoLC)1417820930 
040 |a DGITA  |b eng  |e rda  |e pn  |c DGITA 
020 |a 9788412106343  |q eBook 
020 |z 9788412106336 
041 1 |a spa  |h eng 
050 1 4 |a BF431 ebook 
100 1 |a Deary, Ian J.,  |e author. 
240 1 0 |a Intelligence.  |l Spanish  |s (Otero-Piñeiro) 
245 1 0 |a Inteligencia :  |b una breve introducción /  |c Ian J. Deary ; traducción de Dulcinea Otero-Piñeiro. 
264 1 |a Barcelona :  |b Antoni Bosch editor,  |c [2022] 
300 |a 1 online resource :  |b illustrations. 
336 |a text  |b txt  |2 rdacontent 
337 |a computer  |b c  |2 rdamedia 
338 |a online resource  |b cr  |2 rdacarrier 
347 |a text file  |2 rdaft 
347 |b EPUB 
504 |a Includes bibliographical references and index. 
588 0 |a Online resource; title from ePub title page (Digitalia, viewed January 3, 2024) 
650 0 |a Intellect. 
650 0 |a Intelligence levels. 
650 0 |a Intelligence tests. 
700 1 |a Otero-Piñeiro, Dulcinea,  |e translator.  
700 1 |i Translation of:  |a Deary, Ian J.  |t Intelligence. 
791 2 |a Digitalia (Firm),  |e distributor. 
793 0 |g Digitalia eBook Collection:  |a Antoni Bosch Editor 
776 0 8 |i Print version:  |a Deary, Ian J.  |s Intelligence. Spanish (Otero-Piñeiro).  |t Inteligencia.  |d Barcelona : Antoni Bosch editor, [2022]  |z 9788412106336 
856 4 0 |3 Digitalia Hispánica  |u https://www.digitaliapublishing.com/a/121461/ 
910 |a Premium collection: 2024